000 00500nam a22001697a 4500
005 20251108163329.0
008 250721s1982 xx 000 0 ara d
082 1 4 _a157/فاى
100 1 _aمحمود، فايز
245 1 0 _aمشكلة الحب :
_bالضناء الإنساني بدون جدوى /
264 1 _aعمان :
_bدار الأفق الجديد،
_c1982.
300 _a46ص0
490 0 _aدفاتر الفلسفه؛1
650 1 7 _aالحب(عواطف)
942 _2ddc
_cBK
999 _c9
_d9